MARC

LEADER 00000nam0a2200000 4500
001 278818
005 20241205165753.0
035 |a (RuTPU)RU\TPU\book\302096 
090 |a 278818 
100 |a 20141215d1986 k y0rusy5003 ca 
101 0 |a rus 
102 |a RU 
105 |a a z 001zy 
200 1 |a Динамика дифференциации магм  |f В. Н. Шарапов, А. Н. Черепанов  |g Академия наук СССР (АН СССР), Сибирское отделение (СО) ; отв. ред. Г. В. Поляков , А. Г. Кирдяшкин 
210 |a Новосибирск  |c Наука  |d 1986 
215 |a 190 с.  |c ил.  |d 21 см 
225 1 |a Труды Института геологии и геофизики  |v Вып. 642 
320 |a Библиогр.: с. 174-186 (321 назв.) 
606 1 |a Магма  |x Дифференциация  |2 stltpush  |3 (RuTPU)RU\TPU\subj\40698  |9 60540 
610 1 |a интрузивные массивы 
610 1 |a горные породы 
610 1 |a состав 
610 1 |a неоднородности 
610 1 |a глубинность 
610 1 |a магматические фации 
610 1 |a термодинамические условия 
610 1 |a охлаждение 
610 1 |a магмы 
610 1 |a кристаллизация 
610 1 |a компоненты 
610 1 |a разделение 
610 1 |a физико-химические закономерности 
610 1 |a кристаллизационная дифференциация 
610 1 |a эманационная дифференциация 
610 1 |a гравитационная дифференциация 
675 |a 552.111  |v 4 
700 1 |a Шарапов  |b В. Н.  |g Виктор Николаевич  |4 070 
701 1 |a Черепанов  |b А. Н.  |g Анатолий Николаевич  |4 070 
702 1 |a Поляков  |b Г. В.  |4 340 
702 1 |a Кирдяшкин  |b А. Г.  |4 340 
712 0 2 |a Академия наук СССР (АН СССР)  |b Сибирское отделение (СО)  |c (Новосибирск)  |3 (RuTPU)RU\TPU\col\11215 
801 0 |a RU  |b RuMRKP  |c 19950704  |g psbo 
801 1 |a RU  |b 63413507  |c 20141215 
801 2 |a RU  |b 63413507  |c 20210317  |g RCR 
942 |c BK